书目信息 |
| 题名: |
斯诺在中国
|
|
| 作者: | 裘克安 编 | |
| 分册: | ||
| 出版信息: | 北京 三联书店 1982 |
|
| 页数: | 422页 | |
| 开本: | 21cm | |
| 丛书名: | ||
| 单 册: | ||
| 中图分类: | K260.66 , K253 | |
| 科图分类: | ||
| 主题词: | 新民主主义革命--中国--史料 , 新民主主义革命 , 中国--历史--1840~1949 | |
| 电子资源: | ||
| ISBN: | ||
| 000 | 00814nam0 2200277 450 | |
| 001 | 1533622171 | |
| 005 | 20150119092048.45 | |
| 010 | @b精装@dCNY2.35 | |
| 091 | @a3002.224 | |
| 100 | @a19950601d1982 em y0chiy0110 ea | |
| 101 | 0 | @achi |
| 102 | @aCN@b110000 | |
| 105 | @af z 000yy | |
| 200 | 1 | @a斯诺在中国@9si nuo zai zhong guo@f裘克安编 |
| 210 | @a北京@c三联书店@d1982 | |
| 215 | @a422页@c照片@d21cm | |
| 600 | 1 | @a斯诺@c(Snow, Edgar Parks@f1905~1972)@x回忆录 |
| 600 | 1 | @2CT@3S070965@a斯诺@c(Snow, Edgar Parks@f1905~1972) |
| 606 | 0 | @a新民主主义革命@y中国@x史料 |
| 606 | 0 | @a新民主主义革命 |
| 606 | 0 | @a中国@x历史@z1840~1949 |
| 690 | @aK260.66@v5 | |
| 690 | @aK253@v4 | |
| 701 | 0 | @a裘克安@9qiu ke an@f(1920~2008)@4编 |
| 801 | 0 | @aCN@bTSSF@c20150115 |
| 905 | @aZUCC@dK253@eJY18 | |
| 斯诺在中国/裘克安编.-北京:三联书店,1982 |
| 422页:照片;21cm |
| ISBN (精装):CNY2.35 |
| ● |
| 相关链接 |
|
|
|
|
正题名:斯诺在中国
索取号:K253/JY18
 
预约/预借
| 序号 | 登录号 | 条形码 | 馆藏地/架位号 | 状态 | 备注 |
| 1 | 7835557 | 278355575 | 学院路分馆/ [索取号:K253/JY18] | 在馆 |